Quyền thành lập doanh nghiệp có vốn đầu tư nước ngoài tại Việt Nam : Luận văn Thạc sỹ luật học. Ngành Luật Kinh tế

Nội dung đề tài nghiên cứu các cơ sở lý luận về doanh nghiệp có vốn đầu tư nước ngoài và quyền thành lập doanh nghiệp có vốn đầu tư nước ngoài tại Việt Nam. Tìm hiểu về quyền thành lập doanh nghiệp có vốn đầu tư nước ngoài tại...

Descrición completa

Gardado en:
Detalles Bibliográficos
Autor Principal: Huỳnh, Cầm
Formato: Libro
Idioma:Undetermined
Publicado: Cần Thơ Đại học Cần Thơ 2013
Những chủ đề:
Các nhãn: Engadir etiqueta
Sen Etiquetas, Sexa o primeiro en etiquetar este rexistro!
Thư viện lưu trữ: Trung tâm Học liệu Trường Đại học Cần Thơ
LEADER 01331nam a2200229Ia 4500
001 CTU_189011
008 210402s9999 xx 000 0 und d
082 |a 346.597065 
082 |b C120 
088 |a 603850 
100 |a Huỳnh, Cầm 
245 0 |a Quyền thành lập doanh nghiệp có vốn đầu tư nước ngoài tại Việt Nam : 
245 0 |b Luận văn Thạc sỹ luật học. Ngành Luật Kinh tế 
245 0 |c Huỳnh Cầm ; Cao Nhất Linh (hướng dẫn) 
260 |a Cần Thơ 
260 |b Đại học Cần Thơ 
260 |c 2013 
520 |a Nội dung đề tài nghiên cứu các cơ sở lý luận về doanh nghiệp có vốn đầu tư nước ngoài và quyền thành lập doanh nghiệp có vốn đầu tư nước ngoài tại Việt Nam. Tìm hiểu về quyền thành lập doanh nghiệp có vốn đầu tư nước ngoài tại Việt Nam của các nhà đầu tư cũng như việc thực hiện quyền này theo quy định của pháp luật Việt Nam. 
650 |a Doanh nghiệp 
650 |x Thủ tục thành lập 
904 |i Qhieu, Thanh Thúy 
980 |a Trung tâm Học liệu Trường Đại học Cần Thơ